Duševné vlastníctvo

Salvato in:
Dettagli Bibliografici
Natura: Periodico
Lingua:slovacco
Pubblicazione: Banská Bystrica Úrad priemyselného vlastníctva Slovenskej republiky 2003
Soggetti:
Tags: Aggiungi Tag
Nessun Tag, puoi essere il primo ad aggiungerne!!

MARC

LEADER 00000nas2a2200000 4500
001 0052446
005 20070202122334.2
022 |a 1335-2881 
041 0 |a slo 
044 |a SK 
245 1 0 |a Duševné vlastníctvo 
264 1 |a Banská Bystrica  |b Úrad priemyselného vlastníctva Slovenskej republiky  |c 2003 
773 0 |w eu_un_cat*s121247 
610 2 0 |a vlastníctvo duševné 
610 2 0 |a zákony 
610 2 0 |a vynálezy 
610 2 0 |a patenty 
610 2 0 |a návrhy zlepšovacie 
610 2 0 |a známky ochranné